[Event "FIDE World Uni Blitz-B 1st"]
[Site "Tornelo INT"]
[Date "2021.03.13"]
[Round "5.53"]
[White "Kuenzi, Anton"]
[Black "Trivedi, Shriraj"]
[Result "1-0"]
[WhiteElo "1815"]
[BlackElo "1273"]
[PlyCount "131"]
[EventDate "2021.03.13"]
[EventType "swiss (blitz)"]
[EventRounds "10"]
[EventCountry "NET"]
[SourceTitle "EXT 2022"]
[Source "ChessBase"]
[SourceDate "2021.10.06"]
[SourceVersion "1"]
[SourceVersionDate "2021.10.06"]
[SourceQuality "1"]

1. e4 c5 2. c3 Nc6 3. d4 cxd4 4. cxd4 d5 5. exd5 Qxd5 6. Nf3 Bg4 7. Be2 Nf6 8. Nc3 Qd8 9. Be3 e6 10. 0-0 Bd6 11. h3 Bh5 12. Qb3 Qe7 13. d5 exd5 14. Nxd5 Nxd5 15. Qxd5 0-0 16. Qxh5 Rac8 17. Bd3 g6 18. Qh6 Qf6 19. Rac1 Ne5 20. Ng5 Qg7 21. Qxg7+ Kxg7 22. Bd4 f6 23. Ne6+ Kf7 24. Bxe5 Bxe5 25. Nxf8 Rxf8 26. Rc4 Bxb2 27. Rc7+ Ke6 28. Re1+ Kd6 29. Rxb7 Be5 30. Rxa7 Rb8 31. Bc4 g5 32. Bb3 h5 33. Rd1+ Kc6 34. Rc1+ Kd6 35. Rcc7 Rb4 36. Rd7+ Kc6 37. Bd5+ Kc5 38. Ra5+ Kd4 39. Bb3+ Kc3 40. Rc5+ Kb2 41. Rd2+ Kb1 42. Rcc2 Rd4 43. Rxd4 Bxd4 44. Rd2 Bc3 45. Rc2 Bd4 46. a4 Ka1 47. a5 g4 48. a6 gxh3 49. gxh3 h4 50. a7 Bxa7 51. Ra2+ Kb1 52. Rxa7 f5 53. Rf7 Kb2 54. Rxf5 Kxb3 55. Re5 Kc3 56. f4 Kd4 57. Re1 Kd5 58. f5 Kd6 59. f6 Kd7 60. f7 Kd8 61. f8Q+ Kc7 62. Rd1 Kb6 63. Rc1 Ka5 64. Rb1 Ka6 65. Qb8 Ka5 66. Qb5# 1-0

[Event "FIDE World Uni Blitz-B 1st"]
[Site "Tornelo INT"]
[Date "2021.03.13"]
[Round "2.57"]
[White "Sharan, Rao"]
[Black "Kuenzi, Anton"]
[Result "1-0"]
[WhiteElo "1992"]
[BlackElo "1815"]
[PlyCount "75"]
[EventDate "2021.03.13"]
[EventType "swiss (blitz)"]
[EventRounds "10"]
[EventCountry "NET"]
[SourceTitle "EXT 2022"]
[Source "ChessBase"]
[SourceDate "2021.10.06"]
[SourceVersion "1"]
[SourceVersionDate "2021.10.06"]
[SourceQuality "1"]

1. Nf3 Nf6 2. b3 g6 3. Bb2 Bg7 4. e3 d5 5. d4 0-0 6. Be2 c5 7. 0-0 Nc6 8. Nbd2 c4 9. bxc4 dxc4 10. Nxc4 a6 11. Nce5 Nd5 12. c4 Nxe5 13. Nxe5 Nb4 14. Nd3 Nc6 15. Rc1 Bf5 16. Bf3 Rc8 17. Qe2 Bxd3 18. Qxd3 Nb4 19. Qb3 Qa5 20. Bc3 Qxa2 21. Qxb4 Rb8 22. Qxe7 b5 23. c5 b4 24. Ba1 b3 25. Bd5 Qa3 26. Rc3 Qa5 27. Rxb3 Rbd8 28. Bf3 Rfe8 29. Qh4 Qa2 30. Rb7 a5 31. c6 Rc8 32. h3 a4 33. Qg5 a3 34. Bd5 Qc2 35. Bxf7+ Kh8 36. Bxe8 Rxe8 37. c7 Rc8 38. Qd8+ 1-0

[Event "Stein am Rhein op 2nd"]
[Site "Stein am Rhein"]
[Date "2014.03.01"]
[Round "3"]
[White "Kuenzi, Anton"]
[Black "Boschetti, Claudio"]
[Result "0-1"]
[WhiteElo "1781"]
[BlackElo "2095"]
[PlyCount "118"]
[EventDate "2014.02.28"]
[EventType "swiss"]
[EventRounds "5"]
[EventCountry "SUI"]
[SourceTitle "CBM 159 Extra"]
[Source "ChessBase"]
[SourceDate "2014.04.24"]
[SourceVersion "1"]
[SourceVersionDate "2014.04.24"]
[SourceQuality "1"]

1. e4 e5 2. Nf3 Nc6 3. Bc4 Nf6 4. Ng5 d5 5. exd5 Nd4 6. d3 b5 7. Bb3 Nxb3 8. axb3 Qxd5 9. Qf3 Bb7 10. Qxd5 Bxd5 11. f3 Bc5 12. Nc3 Bc6 13. Ra6 Bb6 14. b4 Nd7 15. Ke2 Bb7 16. Ra2 a6 17. Be3 c5 18. bxc5 Bxc5 19. Bxc5 Nxc5 20. b4 Nd7 21. Nge4 Ke7 22. g4 Rac8 23. Nd1 h5 24. g5 f5 25. gxf6+ gxf6 26. Ne3 Ke6 27. Rg1 Rhg8 28. Raa1 f5 29. Ng5+ Ke7 30. Kd2 f4 31. Nf5+ Kf6 32. Nd6 Rxg5 33. Rxg5 Kxg5 34. Nxb7 Rc6 35. Nd8 Rf6 36. Rg1+ Kh4 37. Rg7 Nf8 38. Rf7 Rxf7 39. Nxf7 Nd7 40. c4 bxc4 41. dxc4 Kh3 42. Ke2 Kg2 43. Ng5 h4 44. h3 Nf6 45. c5 Nd5 46. c6 Kg3 47. Kd2 Kf2 48. Kc1 Ke3 49. Kb2 Nc7 50. Kc3 e4 51. Nxe4 Kxf3 52. Kd3 Kg2 53. Ke2 f3+ 54. Ke3 Nd5+ 55. Kd4 Nxb4 56. c7 Nc6+ 57. Kc5 Ne7 58. Kd6 Nc8+ 59. Kd7 Na7 0-1

[Event "Zuerich op-B 35th"]
[Site "Zuerich"]
[Date "2011.12.27"]
[Round "2"]
[White "Kuenzi, Anton"]
[Black "Suri, Hans"]
[Result "0-1"]
[WhiteElo "1735"]
[BlackElo "2008"]
[PlyCount "30"]
[EventDate "2011.12.26"]
[EventType "swiss"]
[EventRounds "7"]
[EventCountry "SUI"]
[SourceTitle "CBM 146 Extra"]
[Source "ChessBase"]
[SourceDate "2012.02.29"]
[SourceVersion "1"]
[SourceVersionDate "2012.02.29"]
[SourceQuality "1"]

1. e4 c5 2. Nf3 e6 3. d4 cxd4 4. Nxd4 Nc6 5. Be3 Nf6 6. Nxc6 bxc6 7. e5 Qa5+ 8. Nd2 Qxe5 9. Nc4 Qc7 10. Qf3 d5 11. Bf4 Qb7 12. Nd6+ Bxd6 13. Bxd6 Qxb2 14. Qd1 Qc3+ 15. Ke2 Ba6+ 0-1